| 000 | 01143nam a2200277 a 4500 | ||
|---|---|---|---|
| 001 | 000039258 | ||
| 003 | DO-SdBNP | ||
| 005 | 20220729134155.0 | ||
| 007 | ta | ||
| 008 | 130619s2003 dr 000 0 spa d | ||
| 040 |
_aDO-SdBNP _bspa _cBNPHU |
||
| 082 | 4 |
_a346.729307 _bR426c 1984 _222 |
|
| 110 | 1 |
_aRepública Dominicana _9447 |
|
| 240 | 1 | 0 | _aCódigo de comercio |
| 245 | 1 | 0 | _aCódigo de comercio de la República Dominicana. |
| 250 | _aEdición oficial | ||
| 260 |
_aSanto Domingo : _b[s.n.], _c2003. |
||
| 300 |
_a164 p. ; _c22 cm. |
||
| 500 | _aIncluye referencias bibliográficas y notas al pie de las páginas | ||
| 500 | _aActualizada por la Comisión nombrada mediante Decreto No. 826 del 26 de febrero de 1983 del Presidente de la República Dr. Salvador Jorge Blanco en ocasión de los actos commemorativos del Centenario de la adopción en el país de los Códigos Franceses | ||
| 590 | _aInventariado, 2018/LP | ||
| 650 | 1 | 4 |
_aDerecho comercial _xLegislación _zRepública Dominicana _910077 |
| 650 | 1 | 4 |
_aDerecho comercial _zRepública Dominicana _914449 |
| 910 | _aValidado. Control de calidad MFF | ||
| 942 |
_2ddc _cLBS1 |
||
| 999 |
_c38748 _d38748 |
||